Âm tiết và loại hình Ngôn ngữ

সংরক্ষণ করুন:
গ্রন্থ-পঞ্জীর বিবরন
প্রধান লেখক: Nguyễn, Quang Hồng
বিন্যাস: গ্রন্থ
প্রকাশিত: Tp.Hồ Chí Minh Đại học quốc gia Thành phố Hồ Chí Minh 2012
ট্যাগগুলো: ট্যাগ যুক্ত করুন
কোনো ট্যাগ নেই, প্রথমজন হিসাবে ট্যাগ করুন!
Thư viện lưu trữ: Trung tâm Học liệu Lê Vũ Hùng, Trường Đại học Đồng Tháp
LEADER 00620pam a22001698a 4500
001 00039506
005 20171026081025.0
008 170519s2012 ||||||Viesd
041 0 # |a Vie 
082 1 4 |a 495.922  |b Â120T 
100 1 # |a Nguyễn, Quang Hồng 
245 1 0 |a Âm tiết và loại hình Ngôn ngữ  |c Nguyễn Quang Hồng 
260 # # |a Tp.Hồ Chí Minh  |b Đại học quốc gia Thành phố Hồ Chí Minh  |c 2012 
300 # # |a 314 tr.  |b 24cm 
852 # # |b Kho đọc  |j KD.1002612 
910 |d 19/05/2017 
980 # # |a Trung tâm Học liệu Lê Vũ Hùng, Trường Đại học Đồng Tháp